[Event "V Open"]
[Site "Crema ITA"]
[Date "2003.09.06"]
[Round "3"]
[White "Beretta, Giovanni"]
[Black "Pezzotta, Gianni"]
[Result "1-0"]
[WhiteElo "1437"]
[BlackElo "1299"]
[PlyCount "41"]
[EventDate "2003.09.05"]

1. c4 f5 2. Nc3 Nf6 3. g3 g6 4. Nf3 d6 5. d3 Bg7 6. Bg2 O-O 7. Be3 c6 8. Qd2
Ng4 9. Ng5 h6 10. h3 Nxe3 11. Qxe3 hxg5 12. Qxg5 Qe8 13. h4 Rf6 14. h5 gxh5 15.
Rxh5 Rg6 16. Qh4 Bf6 17. Qh2 Qf7 18. O-O-O Qg7 19. Rh1 Qf8 20. Rh8+ Bxh8 21.
Qh7# 1-0

[Event "V Open"]
[Site "Crema ITA"]
[Date "2003.09.06"]
[Round "3"]
[White "Bocci, Alessandro"]
[Black "Frova, Martino"]
[Result "1-0"]
[WhiteElo "1630"]
[BlackElo "1600"]
[PlyCount "119"]
[EventDate "2003.09.05"]

1. d4 Nf6 2. Nf3 d5 3. c4 e6 4. cxd5 exd5 5. Bg5 Be7 6. e3 Bf5 7. Nc3 c6 8. Bd3
Be6 9. O-O Nbd7 10. Rb1 O-O 11. b4 b5 12. Qc2 g6 13. Ne2 Qc7 14. h3 Rac8 15.
Nf4 Bd6 16. Rfc1 Kg7 17. Rb3 Nb6 18. h4 Bg4 19. Nh2 h5 20. Bxg6 Bxf4 21. Bxf4
Qd7 22. Nxg4 Qxg4 23. Bf5 Qxh4 24. Bxc8 Rxc8 25. Qf5 Ng4 26. Bg3 Nh6 27. Qe5+
Qf6 28. Qxf6+ Kxf6 29. Ra3 Na4 30. Kf1 Nf5 31. Be5+ Ke6 32. Ke2 Kd7 33. Rh1 h4
34. Bf6 Rg8 35. Kf3 Rg6 36. Bxh4 Rh6 37. g3 Ke6 38. Kg2 Nxh4+ 39. Rxh4 Rg6 40.
Rh8 f5 41. Rc8 Kd7 42. Ra8 Kd6 43. Rxa7 Nb2 44. Rf7 Ke6 45. Raa7 Nc4 46. Rae7+
Kd6 47. Rg7 Rg4 48. Rxg4 fxg4 49. Rg7 Nb2 50. Rxg4 Nd3 51. a3 Ne1+ 52. Kh3 Nc2
53. Rg6+ Kc7 54. Rg7+ Kb6 55. g4 Nxa3 56. g5 Nc4 57. g6 Nd6 58. Rd7 Ne8 59. g7
Nxg7 60. Rxg7 1-0

[Event "V Open"]
[Site "Crema ITA"]
[Date "2003.09.06"]
[Round "3"]
[White "Bonazzi, Edoardo"]
[Black "Ruggeri, Dario"]
[Result "1-0"]
[WhiteElo "2130"]
[BlackElo "1714"]
[PlyCount "73"]
[EventDate "2003.09.05"]

1. c4 g6 2. Nc3 Bg7 3. e4 c5 4. g3 Nc6 5. Bg2 Nf6 6. Nge2 O-O 7. O-O d6 8. d4
cxd4 9. Nxd4 Bd7 10. Nc2 Rc8 11. Rb1 a5 12. b3 Ng4 13. Nd5 Nce5 14. Bg5 Re8 15.
h3 Nh6 16. Qd2 Bxh3 17. Bxh6 Bh8 18. Nd4 Bxg2 19. Kxg2 e6 20. Nc3 Qb6 21. Ndb5
Ng4 22. Bf4 Red8 23. f3 Ne5 24. Be3 Qa6 25. Bd4 f6 26. Rh1 Nf7 27. Na4 d5 28.
Bb6 dxe4 29. Bxd8 exf3+ 30. Kf2 Rxd8 31. Qe3 Qc6 32. Rbd1 Rxd1 33. Rxd1 Ne5 34.
Qd4 f5 35. Qd8+ Kg7 36. Qe7+ Nf7 37. Nd6 1-0

[Event "V Open"]
[Site "Crema ITA"]
[Date "2003.09.06"]
[Round "3"]
[White "Borboni, Paolo"]
[Black "Murgia, Andrea"]
[Result "0-1"]
[WhiteElo "1629"]
[BlackElo "2123"]
[PlyCount "79"]
[EventDate "2003.09.05"]

1. e4 e5 2. Nf3 Nc6 3. d4 exd4 4. Bc4 d6 5. Nxd4 Bd7 6. O-O Nf6 7. Nc3 Be7 8.
Bf4 O-O 9. Nf5 Bxf5 10. exf5 Qd7 11. g4 h6 12. h4 Rfe8 13. g5 Qxf5 14. gxf6
Qxf4 15. Bxf7+ Kxf7 16. fxe7 Ne5 17. Qd5+ Kg6 18. Qe4+ Qxe4 19. Nxe4 Nf3+ 20.
Kg2 Nxh4+ 21. Kh3 Nf5 22. Nc3 c6 23. Rg1+ Kf7 24. Rg4 Rxe7 25. Rf4 Re5 26. Ne4
Ke7 27. Rg1 g5 28. Rfg4 Rf8 29. Nc3 Nh4 30. f4 Re3+ 31. R1g3 Rxg3+ 32. Kxg3
Nf5+ 33. Kh3 Ne3 34. Rg1 gxf4 35. Re1 Rf5 36. Kh4 d5 37. Rg1 f3 38. Nd1 Nxd1
39. Rxd1 f2 40. Kg3 0-1

[Event "V Open"]
[Site "Crema ITA"]
[Date "2003.09.06"]
[Round "3"]
[White "Brunelli, Giovanni"]
[Black "Salami, Marco"]
[Result "0-1"]
[WhiteElo "1642"]
[BlackElo "2177"]
[PlyCount "86"]
[EventDate "2003.09.05"]

1. e4 e6 2. d4 d5 3. e5 c5 4. c3 Nc6 5. a3 Qb6 6. Nf3 Bd7 7. Be2 Rc8 8. O-O c4
9. Nbd2 Na5 10. Rb1 Ne7 11. Qc2 Nb3 12. Nxb3 cxb3 13. Qd3 Nc6 14. Ng5 h6 15.
Qh3 Be7 16. Bg4 O-O 17. Nf3 Rfe8 18. Be3 Na5 19. Nd2 Bb5 20. Rfe1 Bd3 21. Rbc1
Bc2 22. Bd1 Bh7 23. Qg3 Kh8 24. Bh5 Rf8 25. f4 Bxa3 26. bxa3 b2 27. Rb1 Rxc3
28. f5 Bxf5 29. Rf1 Rfc8 30. Rbe1 Nb3 31. Nb1 Rc1 32. Qf2 R8c2 33. Be2 Qa5 34.
Rd1 Rxd1 35. Rxd1 Rc1 36. Qf1 Bxb1 37. Bxc1 bxc1=Q 38. Rxc1 Nxc1 39. Qxc1 Bg6
40. Kf2 Kh7 41. Qb2 Qc7 42. g3 Qc2 43. Qb5 a6 0-1

[Event "V Open"]
[Site "Crema ITA"]
[Date "2003.09.06"]
[Round "3"]
[White "Casartelli, Fabio"]
[Black "Mazzariol, Oscar"]
[Result "0-1"]
[WhiteElo "1717"]
[BlackElo "2049"]
[PlyCount "116"]
[EventDate "2003.09.05"]

1. d4 Nf6 2. c4 e6 3. Nc3 Bb4 4. a3 Bxc3+ 5. bxc3 c5 6. Nf3 h6 7. Qc2 d6 8. e4
Qc7 9. Bd3 Nc6 10. O-O e5 11. Be3 b6 12. Be2 Bb7 13. d5 Na5 14. Nh4 g5 15. Nf5
O-O-O 16. h4 Rdg8 17. hxg5 hxg5 18. f3 Ne8 19. Kf2 Ng7 20. Nxg7 Rxg7 21. Rh1
Qd8 22. Rag1 f6 23. Qd1 Ba6 24. Qf1 Rgh7 25. Rxh7 Rxh7 26. Rh1 Rxh1 27. Qxh1
Bxc4 28. Qh3+ Kc7 29. Qh7+ Qd7 30. Qh8 Qd8 31. Qg7+ Kb8 32. Bxc4 Nxc4 33. Bc1
b5 34. g3 Nb6 35. f4 gxf4 36. gxf4 Nd7 37. fxe5 fxe5 38. Bg5 Qe8 39. Ke3 Kc7
40. Qh7 Qb8 41. Be7 a5 42. Qg6 Qb6 43. Kd2 b4 44. cxb4 cxb4 45. axb4 Qxb4+ 46.
Kc2 a4 47. Qe8 Qxe4+ 48. Kb2 Qb4+ 49. Ka1 Qc3+ 50. Kb1 Nb6 51. Bd8+ Kb7 52.
Qe7+ Ka6 53. Qxd6 Qb3+ 54. Ka1 e4 55. Qc6 a3 56. Bf6 e3 57. d6 e2 58. Bc3 e1=Q+
0-1

[Event "V Open"]
[Site "Crema ITA"]
[Date "2003.09.06"]
[Round "3"]
[White "Cocozza, Mario"]
[Black "Massa, Salvenrico"]
[Result "1-0"]
[WhiteElo "2356"]
[BlackElo "1723"]
[PlyCount "32"]
[EventDate "2003.09.05"]

1. e4 c6 2. c4 d5 3. cxd5 cxd5 4. exd5 Nf6 5. Qa4+ Bd7 6. Qb3 Qc7 7. Nc3 a6 8.
Nge2 e6 9. d4 exd5 10. Bf4 Qc8 11. Be5 Be7 12. Nf4 O-O 13. Be2 Nc6 14. O-O Nxd4
15. Bxd4 Ne4 16. Nfxd5 Bh4 1-0

[Event "V Open"]
[Site "Crema ITA"]
[Date "2003.09.06"]
[Round "3"]
[White "Dallaglio, Giovanni"]
[Black "Garofalo, Sergio"]
[Result "1-0"]
[WhiteElo "2034"]
[BlackElo "1657"]
[PlyCount "67"]
[EventDate "2003.09.05"]

1. d4 Nf6 2. Nf3 d6 3. c4 g6 4. Nc3 Bg7 5. Bg5 O-O 6. e3 c6 7. Be2 Qb6 8. Qc2
Na6 9. a3 e5 10. dxe5 dxe5 11. Nxe5 Qa5 12. Bxf6 Bxf6 13. Nf3 Bf5 14. Qc1 Rfe8
15. O-O Qc7 16. b4 Rad8 17. Ra2 Bd3 18. Bxd3 Rxd3 19. Rc2 Qd8 20. Rd1 Nc7 21.
Nd4 Rxd1+ 22. Qxd1 Ne6 23. Nxe6 Qxd1+ 24. Nxd1 fxe6 25. Kf1 Rd8 26. Ke2 Kf7 27.
c5 a5 28. Nc3 Bxc3 29. Rxc3 axb4 30. axb4 e5 31. Rd3 Rd5 32. Rxd5 cxd5 33. f4
e4 34. g4 1-0

[Event "V Open"]
[Site "Crema ITA"]
[Date "2003.09.06"]
[Round "3"]
[White "Di Giuseppe, Giovanni"]
[Black "Marchiano, Nicola"]
[Result "1-0"]
[WhiteElo "1500"]
[BlackElo "1675"]
[PlyCount "93"]
[EventDate "2003.09.05"]

1. d4 d5 2. c4 e6 3. Nf3 Nf6 4. g3 c5 5. cxd5 Nxd5 6. e4 Nf6 7. Bg5 h6 8. Bxf6
Qxf6 9. Nc3 Nc6 10. d5 exd5 11. exd5 Bg4 12. dxc6 Qxf3 13. cxb7 Qxb7 14. Bb5+
Bd7 15. Qxd7+ Qxd7 16. Bxd7+ Kxd7 17. O-O-O+ Kc6 18. Rhe1 Bd6 19. Ne4 Rad8 20.
Nxd6 Rxd6 21. Re7 Rxd1+ 22. Kxd1 Rd8+ 23. Kc2 Rd7 24. Re8 Kb5 25. Kc3 Kc6 26.
b3 g6 27. h3 h5 28. a4 a5 29. Ra8 Kb6 30. Rb8+ Kc6 31. Rb5 Rd1 32. Rxa5 Rf1 33.
f4 Rf3+ 34. Kc4 Rxg3 35. Rxc5+ Kd6 36. b4 Rxh3 37. a5 Ra3 38. Kb5 h4 39. Kb6 h3
40. a6 h2 41. Rc1 Rh3 42. Rh1 Rh8 43. a7 Rc8 44. b5 f6 45. Rxh2 g5 46. fxg5
fxg5 47. Rd2+ 1-0

[Event "V Open"]
[Site "Crema ITA"]
[Date "2003.09.06"]
[Round "3"]
[White "Distratis, Gianluca"]
[Black "Marchesotti, Giovanni"]
[Result "1/2-1/2"]
[WhiteElo "1678"]
[BlackElo "1501"]
[PlyCount "58"]
[EventDate "2003.09.05"]

1. e4 c5 2. c3 Nf6 3. e5 Nd5 4. Bc4 Nb6 5. Bb3 d5 6. d4 e6 7. Nf3 cxd4 8. cxd4
Be7 9. O-O O-O 10. Nc3 Bd7 11. Bc2 f5 12. exf6 Bxf6 13. Qd3 g6 14. Bh6 Bg7 15.
Bxg7 Kxg7 16. Rae1 Nc6 17. a3 Nc4 18. Nd1 Nd6 19. Ne3 Nf7 20. Ng4 Rc8 21. Qd2
Qc7 22. Bb1 Rce8 23. h4 a6 24. Nfe5 Bc8 25. Nxg6 hxg6 26. Qd3 Nh8 27. h5 Qf4
28. Ne5 Nxe5 29. Rxe5 Rf5 1/2-1/2

[Event "V Open"]
[Site "Crema ITA"]
[Date "2003.09.06"]
[Round "3"]
[White "Dordoni, Dario"]
[Black "Biava, Pierluigi"]
[Result "1/2-1/2"]
[WhiteElo "1600"]
[BlackElo "1612"]
[PlyCount "107"]
[EventDate "2003.09.05"]

1. Nf3 Nf6 2. d4 d6 3. Bg5 Nbd7 4. Nbd2 h6 5. Bf4 g5 6. Bg3 Nh5 7. e4 Bg7 8.
Nb3 c5 9. c3 a6 10. a4 b6 11. Be2 Bb7 12. Nfd2 Nxg3 13. fxg3 Nf6 14. Bf3 Qd7
15. d5 O-O 16. g4 b5 17. a5 e6 18. c4 Rfe8 19. O-O exd5 20. cxd5 Re5 21. Nc1 c4
22. h3 Rae8 23. Ne2 Qc7 24. Ng3 Qc5+ 25. Kh2 Bc8 26. Qc2 R5e7 27. Rfc1 Qe3 28.
Ndf1 Qf4 29. Qd2 Qxd2 30. Nxd2 Rc7 31. Ra2 Kh7 32. Ndf1 Nd7 33. Nf5 Be5+ 34.
Kh1 Nc5 35. Nd2 Nd3 36. Rb1 Bd7 37. Bd1 Bf4 38. b3 c3 39. Nf1 Rxe4 40. Bc2 Re2
41. Nd4 Rxc2 42. Nxc2 f5 43. g3 Bd2 44. Kg1 fxg4 45. h4 gxh4 46. Nxd2 cxd2 47.
Rd1 Ne5 48. Nd4 Nf3+ 49. Nxf3 gxf3 50. gxh4 Rc3 51. Raxd2 Rxb3 52. Rd3 Rb4 53.
Rd4 Rb2 54. R1d2 1/2-1/2

[Event "V Open"]
[Site "Crema ITA"]
[Date "2003.09.06"]
[Round "3"]
[White "Elsido, Massimo"]
[Black "Agnelli, Francesco"]
[Result "0-1"]
[WhiteElo "1582"]
[BlackElo "2102"]
[PlyCount "116"]
[EventDate "2003.09.05"]

1. e4 c5 2. c3 Nf6 3. e5 Nd5 4. d4 cxd4 5. cxd4 Qc7 6. Nf3 e6 7. Bd2 b6 8. Nc3
Nxc3 9. Bxc3 Be7 10. Bd3 Bb7 11. O-O O-O 12. h4 f5 13. exf6 Bxf6 14. Ne5 Bxe5
15. dxe5 Qc6 16. Qg4 Na6 17. h5 Nc5 18. Bc2 Rf4 19. Qh3 Rh4 20. Qg3 Rxh5 21. f3
Na4 22. Be4 Qc5+ 23. Qf2 Qxf2+ 24. Kxf2 Bxe4 25. fxe4 Nxc3 26. bxc3 Rxe5 27.
Rfe1 Rc8 28. Re3 Kf7 29. Rd1 Ke7 30. Rd2 Rc4 31. Red3 d5 32. exd5 Rxd5 33. Rxd5
exd5 34. Rxd5 Rxc3 35. Rd2 h5 36. Kg1 Kf6 37. Kh2 g5 38. Kg1 g4 39. Kf1 Kg5 40.
Kf2 h4 41. Rd5+ Kf4 42. Rd4+ Kf5 43. Rd5+ Ke4 44. Rd2 Rd3 45. Re2+ Kf5 46. Rb2
Rd4 47. Rc2 b5 48. Rb2 a6 49. g3 Kg5 50. gxh4+ Kxh4 51. Kg2 Rd3 52. Re2 b4 53.
Rb2 a5 54. Kh2 Rh3+ 55. Kg1 Ra3 56. Kg2 a4 57. Kh2 b3 58. axb3 Rxb3 0-1

[Event "V Open"]
[Site "Crema ITA"]
[Date "2003.09.06"]
[Round "3"]
[White "Ferrari, Claudio"]
[Black "Romano, Zeno"]
[Result "1-0"]
[WhiteElo "1630"]
[BlackElo "1500"]
[PlyCount "35"]
[EventDate "2003.09.05"]

1. e4 c5 2. Nf3 d6 3. d4 cxd4 4. Nxd4 Nf6 5. Nc3 g6 6. Be3 Bg7 7. Bc4 O-O 8. f3
Nc6 9. Qd2 Bd7 10. O-O-O Rc8 11. Bb3 a6 12. h4 b5 13. h5 Nxh5 14. g4 Nf6 15.
Nxc6 Rxc6 16. Bh6 Bxh6 17. Qxh6 Kh8 18. Nd5 1-0

[Event "V Open"]
[Site "Crema ITA"]
[Date "2003.09.06"]
[Round "3"]
[White "Festa, Samuele"]
[Black "Ferrero, Oscar"]
[Result "1/2-1/2"]
[WhiteElo "1741"]
[BlackElo "1611"]
[PlyCount "71"]
[EventDate "2003.09.05"]

1. e4 g6 2. d4 c6 3. Nc3 d5 4. Be3 h5 5. exd5 cxd5 6. Bb5+ Bd7 7. Qe2 a6 8. Bd3
e6 9. Nf3 Nc6 10. O-O Be7 11. a3 b5 12. a4 b4 13. Na2 a5 14. c4 dxc4 15. Bxc4
Kf8 16. d5 exd5 17. Bxd5 Nf6 18. Bc4 Bg4 19. Rad1 Qc8 20. Bf4 Kg7 21. h3 Bxf3
22. Qxf3 Nd8 23. Rc1 Qb7 24. Be2 Qxf3 25. Bxf3 Ra7 26. Rc7 Rxc7 27. Bxc7 Ne6
28. Re1 Bd8 29. Be5 Bb6 30. b3 Rc8 31. Rc1 Rxc1+ 32. Nxc1 Bd4 33. Bxf6+ Kxf6
34. Nd3 Bb6 35. Bd5 Nc5 36. Nxc5 1/2-1/2

[Event "V Open"]
[Site "Crema ITA"]
[Date "2003.09.06"]
[Round "3"]
[White "Folcini, Gaddo"]
[Black "Menini, Luca"]
[Result "0-1"]
[WhiteElo "1356"]
[BlackElo "1486"]
[PlyCount "44"]
[EventDate "2003.09.05"]

1. d4 e6 2. e4 d5 3. e5 c5 4. Nf3 cxd4 5. Bb5+ Bd7 6. Bxd7+ Qxd7 7. O-O Nc6 8.
c3 dxc3 9. Nxc3 a6 10. Be3 b5 11. Rc1 Nge7 12. Bc5 Rc8 13. b4 Nd8 14. Ng5 h6
15. Qh5 Ng6 16. Nxd5 hxg5 17. Qxg5 Bxc5 18. Nf6+ gxf6 19. exf6 Bxf2+ 20. Kxf2
Rxc1 21. Rxc1 Qd4+ 22. Ke1 Rxh2 0-1

[Event "V Open"]
[Site "Crema ITA"]
[Date "2003.09.06"]
[Round "3"]
[White "Giannetta, Paolo"]
[Black "Milan, Paolo"]
[Result "1/2-1/2"]
[WhiteElo "1705"]
[BlackElo "1537"]
[PlyCount "82"]
[EventDate "2003.09.05"]

1. d4 Nf6 2. c4 e6 3. g3 c5 4. d5 exd5 5. cxd5 d6 6. Nc3 g6 7. Bg2 Bg7 8. Nf3
O-O 9. O-O Re8 10. Nd2 a6 11. a4 b6 12. Nc4 Bb7 13. Bf4 Bf8 14. Qb3 b5 15. axb5
axb5 16. Nxb5 Rxa1 17. Rxa1 Rxe2 18. Nc3 Re7 19. Bxd6 Rd7 20. Bxf8 Kxf8 21. Ne5
Re7 22. f4 Ba6 23. d6 Qxd6 24. Rd1 Qc7 25. Nd5 Nxd5 26. Qxd5 f6 27. Nc6 Rd7 28.
Qxc5+ Kg7 29. Rxd7+ Nxd7 30. Qe7+ Kh6 31. Qe3 Bb7 32. Nd4 Bxg2 33. Kxg2 Qb7+
34. Kh3 Qxb2 35. f5+ g5 36. Nf3 Qb5 37. g4 Qf1+ 38. Kg3 Ne5 39. Nxe5 fxe5 40.
Qxe5 Qg1+ 41. Kf3 Qf1+ 1/2-1/2

[Event "V Open"]
[Site "Crema ITA"]
[Date "2003.09.06"]
[Round "3"]
[White "Humel, Andrea"]
[Black "Gilardone, Adriano"]
[Result "0-1"]
[WhiteElo "1546"]
[BlackElo "1837"]
[PlyCount "64"]
[EventDate "2003.09.05"]

1. d4 Nf6 2. Nf3 d5 3. e3 Bg4 4. Nbd2 e6 5. Be2 c5 6. c3 Nc6 7. O-O Bd6 8. dxc5
Bxc5 9. Nb3 Bd6 10. Nbd4 O-O 11. Re1 Rc8 12. Nh4 Bxe2 13. Nxe2 Ng4 14. g3 Qf6
15. f4 Qe7 16. Nd4 f5 17. Nhf3 a6 18. Kg2 Nf6 19. Ng5 Nd8 20. h4 h6 21. Rh1
hxg5 22. hxg5 Ng4 23. Rh4 Qf7 24. Qh1 Qg6 25. Bd2 Nc6 26. Rh8+ Kf7 27. Rh5 Na5
28. b3 b6 29. Nf3 Nb7 30. Rh4 Nc5 31. Rd1 Ne4 32. c4 Nef2 0-1

[Event "V Open"]
[Site "Crema ITA"]
[Date "2003.09.06"]
[Round "3"]
[White "Insabato, Giovanbattista"]
[Black "Calisi, Elia"]
[Result "1-0"]
[WhiteElo "2122"]
[BlackElo "1693"]
[PlyCount "66"]
[EventDate "2003.09.05"]

1. Nf3 c5 2. g3 g6 3. Bg2 Bg7 4. O-O Nf6 5. d3 d6 6. Nc3 Nc6 7. e4 O-O 8. Bg5
h6 9. Be3 Bg4 10. Qd2 Bxf3 11. Bxf3 Kh7 12. h3 Qd7 13. Bg2 Rab8 14. Rae1 b5 15.
f4 e6 16. g4 Rh8 17. Ne2 Rbc8 18. c4 b4 19. b3 a5 20. d4 Qe7 21. dxc5 dxc5 22.
e5 Nd7 23. Rd1 Rhd8 24. Bxc6 Rxc6 25. Ng3 Rcc8 26. Qf2 Qh4 27. Kg2 Qe7 28. Rd2
Bf8 29. Ne4 Kg8 30. Rfd1 Rc7 31. Rd3 Rdc8 32. Rxd7 Rxd7 33. Rxd7 Qxd7 1-0

[Event "V Open"]
[Site "Crema ITA"]
[Date "2003.09.06"]
[Round "3"]
[White "Leoni, Fabrizio"]
[Black "Epitome, Nando"]
[Result "1-0"]
[WhiteElo "2102"]
[BlackElo "1594"]
[PlyCount "61"]
[EventDate "2003.09.05"]

1. d4 d5 2. c4 e6 3. Nc3 Nf6 4. Bg5 Be7 5. Nf3 Nbd7 6. e3 O-O 7. cxd5 exd5 8.
Qc2 c5 9. Be2 b6 10. O-O Bb7 11. Rfd1 Rc8 12. Rac1 Re8 13. a4 a6 14. Bd3 g6 15.
Qe2 Kg7 16. Bxa6 Bxa6 17. Qxa6 c4 18. Ne5 Ra8 19. Qb7 Rb8 20. Qc6 Rc8 21. Qb5
Nxe5 22. dxe5 Nd7 23. Rxd5 Rc7 24. Bf6+ Bxf6 25. exf6+ Kxf6 26. Rcd1 Re7 27.
Rd6+ Kg7 28. Nd5 Rc5 29. Qb4 Re6 30. Nxb6 Rxd6 31. Rxd6 1-0

[Event "V Open"]
[Site "Crema ITA"]
[Date "2003.09.06"]
[Round "3"]
[White "Lovati, Paolo"]
[Black "Bellani, Alessandro"]
[Result "1/2-1/2"]
[WhiteElo "2089"]
[BlackElo "1810"]
[PlyCount "120"]
[EventDate "2003.09.05"]

1. c4 g6 2. g3 Bg7 3. Bg2 d6 4. Nc3 Nc6 5. d3 e5 6. Rb1 Nge7 7. e3 Be6 8. Nd5
O-O 9. Ne2 Nf5 10. O-O Qd7 11. Qa4 a6 12. Nec3 b5 13. cxb5 axb5 14. Qxb5 Rfb8
15. Qc4 Ra7 16. Qxc6 Qxc6 17. Nf6+ Bxf6 18. Bxc6 Ne7 19. Bg2 d5 20. Bd2 d4 21.
exd4 exd4 22. Ne4 Bg7 23. b4 Rxa2 24. Ra1 Rxa1 25. Rxa1 Nd5 26. h3 Nxb4 27. Nc5
Bf5 28. Bxb4 Rxb4 29. Ra8+ Bf8 30. g4 Rb1+ 31. Kh2 Kg7 32. Rxf8 Kxf8 33. gxf5
gxf5 34. Nd7+ Ke7 35. Ne5 c5 36. Kg3 f6 37. Nc6+ Kd6 38. Na5 Rc1 39. Nc4+ Ke6
40. Bb7 Kd7 41. Bf3 Rc3 42. Be2 Kc6 43. Kf3 Kb5 44. Nd6+ Kb4 45. Nc4 Kb3 46.
Bd1+ Ka2 47. Ke2 Kb1 48. Ba4 Kc1 49. Bd7 f4 50. Bf5 Rc2+ 51. Kf3 h6 52. Nd6 Kd2
53. Ne4+ Ke1 54. Kxf4 c4 55. dxc4 Rxc4 56. Nxf6 d3+ 57. Ne4 d2 58. Bg4 d1=Q 59.
Bxd1 Kxd1 60. f3 Ke2 1/2-1/2

[Event "V Open"]
[Site "Crema ITA"]
[Date "2003.09.06"]
[Round "3"]
[White "Maddaloni, Giovanni"]
[Black "Bettini, Massimo"]
[Result "1/2-1/2"]
[WhiteElo "1679"]
[BlackElo "1525"]
[PlyCount "68"]
[EventDate "2003.09.05"]

1. e4 g6 2. d4 Bg7 3. Nc3 d6 4. f3 Nc6 5. Be3 e5 6. dxe5 Nxe5 7. h3 Ne7 8. Qd2
O-O 9. Bh6 Be6 10. Bxg7 Kxg7 11. O-O-O a5 12. f4 N5c6 13. Nf3 f5 14. Nd4 Rf6
15. e5 dxe5 16. fxe5 Nxe5 17. Nxe6+ Rxe6 18. Qxd8 Rxd8 19. Rxd8 N7c6 20. Rd1
Nf3 21. Bc4 Re5 22. Bd5 Ncd4 23. Bxf3 Nxf3 24. Rd7+ Kf6 25. Rxc7 b5 26. b3 b4
27. Na4 Re2 28. Rd1 Ng5 29. Rc5 Nxh3 30. Rxa5 Rf2 31. Rd3 Nf4 32. Rd6+ Kg5 33.
c4 bxc3 34. Nxc3 Rxg2 1/2-1/2

[Event "V Open"]
[Site "Crema ITA"]
[Date "2003.09.06"]
[Round "3"]
[White "Martino, Antonio M."]
[Black "Ficco, Corrado"]
[Result "1/2-1/2"]
[WhiteElo "1950"]
[BlackElo "2098"]
[PlyCount "53"]
[EventDate "2003.09.05"]

1. c4 e5 2. Nc3 d6 3. g3 f5 4. Bg2 Nf6 5. d3 g6 6. e4 Nc6 7. Nge2 Bg7 8. O-O
O-O 9. f4 fxe4 10. dxe4 Be6 11. Nd5 Bg4 12. h3 Bxe2 13. Qxe2 Nd4 14. Qd3 Nd7
15. Be3 Nc5 16. Qd2 Nce6 17. fxe5 Rxf1+ 18. Rxf1 dxe5 19. Qf2 Qd7 20. Qf6 Re8
21. Qh4 c6 22. Nf6+ Bxf6 23. Qxf6 Qg7 24. Bh6 Qxf6 25. Rxf6 Ng7 26. Rd6 Nge6
27. Rd7 1/2-1/2

[Event "V Open"]
[Site "Crema ITA"]
[Date "2003.09.06"]
[Round "3"]
[White "Milanesi, Erminio"]
[Black "Dassisti, Alberto"]
[Result "0-1"]
[WhiteElo "1528"]
[BlackElo "1807"]
[PlyCount "98"]
[EventDate "2003.09.05"]

1. e4 e6 2. d3 c5 3. Nd2 Nc6 4. g3 Nf6 5. Bg2 d5 6. Nh3 dxe4 7. dxe4 e5 8. O-O
Be7 9. b3 O-O 10. Bb2 Qc7 11. Qe2 Nd4 12. Bxd4 cxd4 13. Qd3 Nd7 14. f4 Bc5 15.
Nc4 b5 16. Nxe5 Nxe5 17. fxe5 Qxe5 18. Nf2 a5 19. Qd1 Qg5 20. Nd3 Bb6 21. e5
Ra6 22. Bc6 Qe3+ 23. Kh1 Bd8 24. Re1 Qh6 25. Bxb5 Bb7+ 26. Kg1 Rg6 27. Nf2 Bg5
28. Bd3 Be3 29. Rxe3 dxe3 30. Ng4 Rxg4 31. Qxg4 Qc6 32. Be4 Qxe4 33. Qxe4 Bxe4
34. c4 Rd8 35. Re1 Rd3 36. Kf1 Bf3 37. c5 e2+ 38. Kf2 Rd1 39. c6 Rxe1 40. Kxe1
Bxc6 41. Kxe2 Kf8 42. Ke3 Ke7 43. a3 Ke6 44. Kd4 Bd5 45. b4 axb4 46. axb4 Bb7
47. b5 Kf5 48. h3 h6 49. b6 h5 0-1

[Event "V Open"]
[Site "Crema ITA"]
[Date "2003.09.06"]
[Round "3"]
[White "Mussap, Angelo"]
[Black "Bozuffi, Italo"]
[Result "1-0"]
[WhiteElo "1831"]
[BlackElo "1570"]
[PlyCount "87"]
[EventDate "2003.09.05"]

1. e4 Nc6 2. d4 e5 3. d5 Nce7 4. Nf3 d6 5. Nc3 a6 6. h3 Nf6 7. Bd3 Nd7 8. Be3
Ng6 9. Qd2 Be7 10. O-O-O Nc5 11. Be2 b6 12. g4 b5 13. b4 Na4 14. Nxa4 bxa4 15.
g5 Bd7 16. h4 Qb8 17. h5 Nf4 18. Bxf4 exf4 19. a3 a5 20. c3 axb4 21. cxb4 Qb6
22. Rh2 c5 23. Qb2 f6 24. h6 cxb4 25. hxg7 Rg8 26. gxf6 Qc5+ 27. Kd2 Qc3+ 28.
Qxc3 bxc3+ 29. Kc2 Bxf6 30. Rxh7 O-O-O 31. Rg1 Rde8 32. Rg6 Bd8 33. Bd3 Kb8 34.
Nd4 Bb6 35. Nf5 Bxf5 36. exf5 Bd4 37. Re6 Ka7 38. Rxd6 Rb8 39. Ra6+ Kb7 40.
Rxa4 Bxg7 41. Rxf4 Ka8 42. Ra4+ Kb7 43. f6 Kc8 44. Rxg7 1-0

[Event "V Open"]
[Site "Crema ITA"]
[Date "2003.09.06"]
[Round "3"]
[White "Panizzi, Giuseppe"]
[Black "Castrogiovanni, Carlo"]
[Result "1/2-1/2"]
[WhiteElo "1844"]
[BlackElo "2068"]
[PlyCount "121"]
[EventDate "2003.09.05"]

1. d4 Nf6 2. Nf3 c5 3. d5 g6 4. g3 d6 5. c4 b5 6. cxb5 a6 7. bxa6 Bxa6 8. Nc3
Nbd7 9. Bg2 Bg7 10. O-O O-O 11. Re1 Qb6 12. Qc2 Rfb8 13. e4 Ne8 14. Rb1 Nc7 15.
Bf4 f6 16. h4 Ne5 17. Nxe5 fxe5 18. Bg5 Bf6 19. Be3 Nb5 20. Nxb5 Qxb5 21. b3
Qd3 22. Qxd3 Bxd3 23. Rbd1 Bc2 24. Ra1 Ra3 25. Rac1 Bd3 26. Rc3 Ba6 27. Bc1 Ra5
28. a4 Bc8 29. Bf1 Ra7 30. Bd2 Kg7 31. Bc4 h6 32. Rcc1 g5 33. hxg5 Bxg5 34.
Bxg5 hxg5 35. Kg2 Bg4 36. Rc3 Rf8 37. f3 Bc8 38. g4 Bd7 39. Rh1 Be8 40. Rh3 Rf6
41. Rc1 Rh6 42. Rxh6 Kxh6 43. Rh1+ Kg7 44. Kf2 Ra8 45. Ke3 Ra7 46. Kd2 Ra8 47.
Kc3 Bd7 48. Be2 Be8 49. Ra1 Ra5 50. Bd1 Ra8 51. a5 Bb5 52. b4 cxb4+ 53. Kxb4
Rb8 54. Kc3 Ba6 55. Kd2 Kf6 56. Bc2 e6 57. dxe6 Kxe6 58. Rb1 Ra8 59. Bb3+ Ke7
60. Bd5 Ra7 61. Kc3 1/2-1/2

[Event "V Open"]
[Site "Crema ITA"]
[Date "2003.09.06"]
[Round "3"]
[White "Potenza, Gaetano"]
[Black "Tamburini, Lorenzo"]
[Result "0-1"]
[WhiteElo "1522"]
[BlackElo "1783"]
[PlyCount "78"]
[EventDate "2003.09.05"]

1. e4 e5 2. Nf3 Nf6 3. Nxe5 d6 4. Nf3 Nxe4 5. d4 d5 6. Bd3 Nc6 7. O-O Bg4 8. c3
Be7 9. h3 Bh5 10. Bf4 O-O 11. Nbd2 f5 12. Re1 Bh4 13. g3 Be7 14. Qc2 Bd6 15.
Bxd6 Qxd6 16. Kg2 Rae8 17. Bb5 Qh6 18. Bxc6 bxc6 19. Rad1 Bg4 20. Rh1 Nxf2 21.
Kxf2 Qe3+ 22. Kf1 Qe2+ 23. Kg1 Bxf3 24. Rh2 Qxd1+ 25. Qxd1 Bxd1 26. Kf1 f4 27.
g4 Re3 28. h4 Bxg4 29. Kf2 Rfe8 30. Kg1 Re1+ 31. Nf1 R8e2 32. Rf2 f3 33. b3
Rxf2 34. Kxf2 Re2+ 35. Kg3 h5 36. Kf4 Rxa2 37. Ne3 f2 38. Ke5 Re2 39. Kf4 Rxe3
0-1

[Event "V Open"]
[Site "Crema ITA"]
[Date "2003.09.06"]
[Round "3"]
[White "Reduzzi, Maurizio"]
[Black "Pancioni, Marco"]
[Result "1/2-1/2"]
[WhiteElo "1749"]
[BlackElo "1597"]
[PlyCount "112"]
[EventDate "2003.09.05"]

1. d4 d5 2. Nf3 e6 3. c4 dxc4 4. e3 c5 5. Bxc4 Nc6 6. Nc3 Nf6 7. O-O Be7 8. Re1
O-O 9. a3 b6 10. d5 exd5 11. Nxd5 Bb7 12. Nxe7+ Nxe7 13. b3 Qxd1 14. Rxd1 Bxf3
15. gxf3 Rfd8 16. Bb2 Ne8 17. Kf1 Nd6 18. Bd3 f6 19. Rac1 a5 20. Ke2 Ndf5 21.
Bb1 Nh4 22. Rg1 Neg6 23. f4 Rd6 24. Rcd1 Rad8 25. Be4 Rxd1 26. Rxd1 Re8 27.
Bd5+ Kf8 28. Kd3 Rd8 29. Kc4 Ne7 30. a4 Nxd5 31. Rxd5 Rxd5 32. Kxd5 Nf3 33. h3
Nd2 34. Kc6 Nxb3 35. Kxb6 Ke7 36. Kb5 Kd6 37. Bc3 Kd5 38. Bxa5 Nxa5 39. Kxa5
Kc4 40. Kb6 Kb4 41. a5 c4 42. a6 c3 43. a7 c2 44. a8=Q c1=Q 45. Qa5+ Kb3 46.
Qd5+ Qc4 47. Qxc4+ Kxc4 48. Kc6 f5 49. Kd6 Kd3 50. Ke5 g6 51. h4 Ke2 52. e4
fxe4 53. Kxe4 Kxf2 54. f5 gxf5+ 55. Kxf5 Kg3 56. Kg5 h6+ 1/2-1/2

[Event "V Open"]
[Site "Crema ITA"]
[Date "2003.09.06"]
[Round "3"]
[White "Scotti, Luigi"]
[Black "Bassi, Serena"]
[Result "1/2-1/2"]
[WhiteElo "1507"]
[BlackElo "1347"]
[PlyCount "54"]
[EventDate "2003.09.05"]

1. e4 e5 2. f4 exf4 3. Nf3 d6 4. Bc4 Be6 5. Bxe6 fxe6 6. d4 Nf6 7. Nc3 d5 8.
exd5 Nxd5 9. O-O Nc6 10. Nxd5 Qxd5 11. Bxf4 O-O-O 12. c4 Qe4 13. Bg3 Nxd4 14.
Qa4 Bc5 15. Nxd4 Bxd4+ 16. Bf2 Rhf8 17. Bxd4 Qxd4+ 18. Kh1 Rxf1+ 19. Rxf1 e5
20. h3 a6 21. Qc2 e4 22. Qe2 Re8 23. Rd1 Qe5 24. Qg4+ Qe6 25. Qxg7 Re7 26. Qh8+
Re8 27. Qxh7 e3 1/2-1/2